| 000 | 00381nam a2200133 a 4500 | ||
|---|---|---|---|
| 001 | 000031667 | ||
| 005 | 20200930063105.0 | ||
| 008 | 110629s1980 dr 000 0 spa d | ||
| 040 |
_aDO-SdBNP _bspa _cBNPHU |
||
| 245 | 0 | 0 | _aReglamento para prevenir los abordajes en el mar. |
| 260 |
_a[Santo Domingo] : _bEditora Offset M. de G, _c1980. |
||
| 300 |
_a22 p. ; _c21 cm. |
||
| 049 | _aBNPD | ||
| 999 |
_c31159 _d31159 |
||